Statistics for AI generated country cars

Click here to take the quiz!

General Stats

  • This quiz has been taken 52 times
  • The average score is 15 of 18

Answer Stats

Answer% Correct
Australia
98%
Canada
98%
France
98%
Mexico
98%
United Kingdom
98%
United States
98%
Egypt
96%
Greece
96%
Netherlands
94%
South Africa
94%
Vatican City
94%
Colombia
92%
Italy
88%
Taiwan
88%
Russia
73%
Mongolia
67%
Germany
52%
Iceland
23%

Score Distribution

Percentile by Number Answered

Percent of People with Each Score

Your Score History

You have not taken this quiz